00426 2200169 4500001002100000008004100021035002000062245004800082100001900130250000600149260004200155300001200197084001400209082000800223650001300231990001200244INLIS000000000000749 ind  a0010-0424000725 aTeori Lengkap OSN MatematikacEddy Hermanto aHermanto, Eddy a1 aJakarta :bBina Prestasi Insanic2019 a858 hlm a510 EDD m a510 aNonfiksi a0739640